000 00576nam a2200217Ia 4500
001 1022
003 GE_BSU
008 181216s||||||||xx |||||||||||||| ||und||
020 _a5783603422
040 _cGE_BSU
080 _a811.161.1
100 _aРозенталь,Д.Э; ГолуБ, И.Б;Тепенкова,М.А;
245 _aСовременный русский язык.
260 _aМосква
260 _bРОЛЬФ
260 _c2002
300 _a448 С.
541 _h15 Л.
653 _aСовременный русский язык
942 _cBK
999 _c35177
_d35177